000 00454nam a22001457a 4500
005 20240319154145.0
008 240319b ||||| |||| 00| 0 eng d
040 _cAL
082 _223
_a332.743
_bHIRE
245 _aHire Purchase in India with a Case Study on :
_bShriram Group Companies Mangalore Branch
260 _aMangalore
_bSt Aloysius College
_c1993
650 _aProject Report
_9155460
700 _aDSOUZA (Clony S)
_9155461
942 _2ddc
_cPRO
999 _c230531
_d230531